000 00487nam a2200169Ia 4500
003 LDD
008 190117s9999 xx 000 0 und d
020 _c₹40
040 _cLDD
041 _ahi
082 _a8H3.7 र2601टो-3
100 _aरजा, राही मासूम
245 0 _aटोपी शुक्ला
_cराही मासूम रजा
260 _aनई दिल्ली
_bराजकमल
_c1989
300 _a161पृ.
942 _2ddc
_cH
999 _c167979
_d167979